000 00339nam a2200133Ia 4500
008 211105s9999||||xx |||||||||||||| ||und||
082 _aRD 378.122 T926D
084 _b08-00630
100 _aTünnermann Bernheim, Carlos
245 0 _aDesafíos del docente universitario ante el siglo XXI
260 _c2000
300 _a0
999 _c15833
_d15833